20 Biggest Cities in Maine - Statistics

General Stats
  • This quiz has been taken 71 times
  • The average score is 10 of 20
Answer Stats
Hint Answer % Correct
69,847 Portland
100%
31,645 Bangor
90%
19,154 Augusta
84%
38,296 Lewiston
78%
26,661 South Portland
68%
25,217 Auburn
58%
21,037 Saco
52%
16,849 Waterville
48%
22,393 Brunswick
46%
11,964 Kennebunk
46%
22,271 Biddeford
44%
20,497 Westbrook
40%
14,243 York
40%
12,256 Orono
38%
24,093 Scarborough
36%
22,259 Sanford
32%
12,883 Falmouth
30%
18,402 Gorham
30%
19,823 Windham
22%
11,977 Wells
16%
No matching quizzes found
Score Distribution
Percent of People with Each Score
Percentile by Number Answered
Your Score History
You have not taken this quiz